000 01365nam a2200349Ia 4500
001 ebr10661586
003 CaPaEBR
006 m u
007 cr cn|||||||||
008 100825s2011 nyua sb 001 0 eng d
010 _z 2010036034
020 _z1617619833 (hardcover)
020 _z9781611222555
020 _z9781617619830 (hardcover)
040 _aCaPaEBR
_cCaPaEBR
035 _a(OCoLC)730514979
050 1 4 _aQP609.C37
_bC45 2011eb
082 0 4 _a572/.756
_222
245 0 0 _aCellulase
_h[electronic resource] :
_btypes and action, mechanism, and uses /
_cAdam E. Golan, editor.
260 _aNew York :
_bNova Science Publishers,
_cc2011.
300 _axii, 306 p. :
_bill.
490 1 _aBiotechnology in agriculture, industry and medicine
504 _aIncludes bibliographical references and index.
533 _aElectronic reproduction.
_bPalo Alto, Calif. :
_cebrary,
_d2013.
_nAvailable via World Wide Web.
_nAccess may be limited to ebrary affiliated libraries.
650 0 _aCellulase.
650 0 _aGlycosidases.
655 7 _aElectronic books.
_2local
700 1 _aGolan, Adam E.
710 2 _aebrary, Inc.
830 0 _aBiotechnology in agriculture, industry and medicine series.
856 4 0 _uhttp://site.ebrary.com/lib/rucke/Doc?id=10661586
_zAn electronic book accessible through the World Wide Web; click to view
999 _c170343
_d170343